000
00345 a2200157 4500
001
185254
020
_a
040
_c
Magnum
100
_a
GuimarĂ£es, A. de
240
1
0
_a
Alphonsus de Guimaraens: poesia
_l
por
245
1
0
_a
Alphonsus de Guimaraens: poesia
300
_a
122
362
0
_a
1963
697
_a
LITERATURA GERAL
942
_c
BK
999
_c
185254
_d
185254